MTR Hong Kong Tuen Ma Line - Statistiques

Statistiques générales
  • Ce quiz a été pris 15 fois
  • Le résultat moyen est 13 sur 27
Statistiques - réponses
Ligne Staions % Correct
Tuen Ma Line, Light Rail Tuen Mun
80%
Tuen Ma Line , East Rail Line Tai Wai
70%
Tuen Ma Line Wu Kai Sha
70%
Tuen Ma Line Che Kung Temple
60%
Tuen Ma Line City One
60%
Tuen Ma Line , Kwun Tong Diamond Hill
60%
Tuen Ma Line Ma On Shan
60%
Tuen Ma Line Shek Mun
60%
Tuen Ma Line, Light Rail Siu Hong
60%
Tuen Ma Line , Tsuen Wan Line ( Tsim Sha Tsui) East Tsim Sha Tsui
50%
Tuen Ma Line Heng On
50%
Tuen Ma Line , East Rail Line Hung Hom
50%
Tuen Ma Line , Tsuen Wan Line Mei Foo
50%
Tuen Ma Line, Light Rail Yuen Long
50%
Tuen Ma Line Austin
40%
Tuen Ma Line , Kwun Tong Line Ho Man Tin
40%
Tuen Man Line Kai Tak
40%
Tuen Ma Line Kam Sheung Road
40%
Tuen Ma Line Long Ping
40%
Tuen Ma Line , Tung Chung Line Nam Cheong
40%
Tuen Ma Line Sha Tin Wai
40%
Tuen Ma Lien Tai Shui Hang
40%
Tuen Ma Line , Light Rail Tin Shui Wai
40%
Tuen Ma Line Tsuen Wan West
40%
Tuen Ma Line Hin Keng
30%
Tuen Ma Line Sung Wong Toi
30%
Tuen Ma Line To Kwa Wan
30%
Aucun quiz correspondant
Distribution des résultats
% des personnes avec chaque résultat
Percentile par nombre de réponses
Votre historique - résultats
Vous n’avez pas pris ce quiz